000 00705nem a2200229zu 4500
005 20191224042250.0
008 160506b1996 ck ||||| |a|| 00| 0 spa d
040 _aCO-BoIAVH
_cCO-BoIAVH
041 _aspa
044 _ack
090 _aMC-
_bMC-0162
110 2 _aInstituto Geográfico Agustín Codazzí.
_967646
245 1 _aRepública de Colombia departamento de Nariño
_cMinisterio geográfico Agustin Codazzi
_h[Material Cartografico]
255 _a1:400.000
260 _aBogotá
_bIAvH
_c1996
300 _a1 mapa
_bcolor
_c81 x 79 cm
650 1 6 _aHidrografía
_95361
650 1 6 _aGeografía
_992259
650 1 6 _aCarreteras
_967649
650 1 6 _aInfraestructura
_98899
942 _2z
_cMapa
999 _c18498
_d18498